Statistics for First 10 Prime Numbers 15 seconds

Click here to take the quiz!

General Stats

  • This quiz has been taken 188 times
  • The average score is 9 of 10

Answer Stats

Answer% Correct
3
97%
5
97%
13
95%
7
95%
2
93%
11
92%
17
89%
19
85%
23
75%
29
64%

Score Distribution

Percentile by Number Answered

Percent of People with Each Score

Your Score History

You have not taken this quiz